[Event "IBCA-ol blind 17th"]
[Site "Vrnjacka Banja"]
[Date "2025.06.19"]
[Round "3.4"]
[White "Lorincz, Robert"]
[Black "Szilagyi, Samuel Attila"]
[Result "0-1"]
[WhiteElo "1604"]
[BlackElo "1955"]
[PlyCount "71"]
[EventDate "2025.06.17"]
[EventType "team-swiss"]
[EventRounds "9"]
[EventCountry "SRB"]
[SourceTitle "CB27_2025"]
[SourceDate "2025.07.02"]
[SourceVersion "1"]
[SourceVersionDate "2025.07.02"]
[SourceQuality "1"]
[WhiteTeam "Slovakia"]
[BlackTeam "Hungary"]
[WhiteTeamCountry "SVK"]
[BlackTeamCountry "HUN"]

1. e4 e5 2. Nf3 Nc6 3. c3 Nf6 4. d4 Nxe4 5. Bd3 d5 6. Nxe5 Nxe5 7. dxe5 Nc5 8. Bc2 a5 9. 0-0 Be6 10. Be3 Be7 11. Nd2 0-0 12. Nf3 Nd7 13. Qd3 g6 14. Qd2 c6 15. Rfe1 Re8 16. Nd4 Nxe5 17. Nxe6 fxe6 18. Bd4 Nc4 19. Qh6 Bf8 20. Qh3 e5 21. b3 exd4 22. bxc4 Rxe1+ 23. Rxe1 dxc4 24. Qe6+ Kh8 25. Qxc4 dxc3 26. Qxc3+ Bg7 27. Qb3 b6 28. g3 Qd4 29. Re7 Rf8 30. Rf7 Re8 31. Kg2 b5 32. Rc7 a4 33. Qd5 Rf8 34. Rc8 Rxc8 35. Qf7 Bf8 36. Bd1 0-1

[Event "Bratislava exe op"]
[Site "Bratislava"]
[Date "2023.09.18"]
[Round "4"]
[White "Lorincz, Robert"]
[Black "Molnar, Sviatoslav"]
[Result "0-1"]
[WhiteElo "1329"]
[BlackElo "1602"]
[PlyCount "50"]
[EventDate "2023.09.15"]
[EventType "swiss"]
[EventRounds "9"]
[EventCountry "SVK"]
[SourceTitle "CBM 216 Extra"]
[Source "ChessBase"]
[SourceDate "2023.11.30"]
[SourceVersion "1"]
[SourceVersionDate "2023.11.30"]
[SourceQuality "1"]

1. e4 e5 2. Nf3 Nc6 3. c3 d5 4. exd5 Qxd5 5. d3 Bg4 6. Be2 0-0-0 7. 0-0 e4 8. dxe4 Qxe4 9. Nbd2 Qg6 10. Nh4 Bxe2 11. Nxg6 Bxd1 12. Nxh8 Bh5 13. g4 Bxg4 14. Nxf7 Rd5 15. Ne4 h6 16. Re1 Rf5 17. Nh8 Ne5 18. Nd2 Bc5 19. Kg2 Nf6 20. f3 Nxf3 21. Nxf3 Bxf3+ 22. Kh3 Bg4+ 23. Kg3 Bd6+ 24. Kg2 Bf3+ 25. Kh3 Rh5# 0-1